| 000 | 00749nam a2200205 i 4500 | ||
|---|---|---|---|
| 001 | 36239 | ||
| 003 | ES-MaACL | ||
| 005 | 20251110063218.0 | ||
| 007 | t| | ||
| 008 | 030217s1960 fr ||||1| fre d | ||
| 100 | 1 |
_aBreuil, Henri, _d1877-1961 _9158544 |
|
| 245 | 1 | 0 |
_aAnibid and Omandumba and other erongo sites / _cAbbé Henri Breuil with the collaboration of Mary E. Boyle, E. R. Scherz and R. G. Strey. |
| 260 |
_aChâteau de Boissia (Clairvaux) : _bCalouste Gulbenkian Foundation Trianon, _c1960. |
||
| 300 |
_a40 p., 46 lám., 5 lám. pleg. ; _c38 cm. |
||
| 700 | 1 |
_aBoyle, Mary E. _931197 |
|
| 700 | 1 |
_aScherz, E. R. _9104318 |
|
| 700 | 1 |
_aStrey, R. G. _9108426 |
|
| 852 |
_aES-MaACL _jC-25280 _bR.54731 |
||
| 999 |
_c36239 _d36239 |
||